[Event "MSU Cup"]
[Site "Moscow"]
[Date "2024.04.25"]
[Round "9.6"]
[White "Kabilov, Amin"]
[Black "Rezvy, Lev"]
[Result "0-1"]
[WhiteElo "2200"]
[BlackElo "2089"]
[PlyCount "102"]
[EventDate "2024.04.22"]
[EventType "team-tourn"]
[EventRounds "9"]
[EventCountry "RUS"]
[SourceTitle "CB18_2024"]
[SourceDate "2024.05.01"]
[SourceVersion "1"]
[SourceVersionDate "2024.05.01"]
[SourceQuality "2"]
[WhiteTeam "Tadzhikistan"]
[BlackTeam "SPbGU"]
[WhiteTeamCountry "TJK"]
[BlackTeamCountry "RUS"]

1. Nf3 d5 2. d4 Nf6 3. Bf4 c5 4. c3 Qb6 5. Qb3 Nc6 6. e3 c4 7. Qc2 Nh5 8. Nbd2 Nxf4 9. exf4 g6 10. Nh4 Bg7 11. g3 0-0 12. Bg2 e6 13. 0-0 Bd7 14. Nhf3 Qc7 15. h4 b5 16. h5 b4 17. Ne5 Rab8 18. hxg6 hxg6 19. Ndf3 bxc3 20. bxc3 Rb6 21. Rab1 Rfb8 22. Rxb6 Rxb6 23. Re1 Ne7 24. Bh3 Be8 25. Kg2 Qb7 26. Re2 a5 27. Nh4 a4 28. Qc1 Rb1 29. Qa3 Bf8 30. Nxf7 Nf5 31. Nd8 Qb5 32. Qxf8+ Kxf8 33. Nxe6+ Kf7 34. Nxf5 gxf5 35. Nc7 Qc6 36. Bxf5 Qxc7 37. Bxb1 Qa5 38. Re3 Bd7 39. Bc2 Qb6 40. Re2 Kf8 41. Kf3 Qa5 42. Re3 Qb5 43. Re2 Qa5 44. Re3 a3 45. Ke2 Qb6 46. Kd2 Qb2 47. Re1 Bf5 48. Rc1 Qxa2 49. Kd1 Bxc2+ 50. Rxc2 Qb1+ 51. Kd2 a2 0-1

[Event "Titled Tuesday intern op 13th Jun Late"]
[Site "Chess.com INT"]
[Date "2023.06.13"]
[Round "5"]
[White "Kochiev, Ivan"]
[Black "Kabilov, Amin"]
[Result "0-1"]
[WhiteElo "2053"]
[BlackElo "2207"]
[PlyCount "86"]
[EventDate "2023.06.13"]
[EventType "swiss (blitz)"]
[EventRounds "11"]
[EventCountry "USA"]
[SourceTitle "EXT 2024"]
[Source "ChessBase"]
[SourceDate "2023.10.10"]
[SourceVersion "1"]
[SourceVersionDate "2023.10.10"]
[SourceQuality "1"]

1. e4 c5 2. Nc3 Nc6 3. Bb5 Nd4 4. Nf3 Nxb5 5. Nxb5 a6 6. Nc3 d6 7. d4 cxd4 8. Nxd4 Nf6 9. 0-0 e5 10. Nb3 h6 11. Kh1 Be7 12. f4 0-0 13. Be3 Bd7 14. Qf3 Bc6 15. Rad1 Qc7 16. f5 b5 17. a3 a5 18. g4 b4 19. axb4 axb4 20. Nd5 Bxd5 21. exd5 Qxc2 22. Nd2 Ra5 23. Rf2 Rxd5 24. Rg1 Qc6 25. Rfg2 Nh7 26. Ne4 Qa8 27. h4 Bxh4 28. g5 hxg5 29. Qh5 Rd3 30. Qf3 d5 31. Nf2 Rb3 32. Qe2 d4 33. Bxg5 Bxg5 34. Kh2 Bf4+ 35. Kh1 Bg5 36. Ng4 Rh3+ 37. Nh2 Bf4 38. Rf1 Rxh2+ 39. Kg1 Qa7 40. Rxh2 d3+ 41. Qf2 Be3 42. f6 Bxf2+ 43. Rfxf2 Nxf6 0-1

[Event "Titled Tuesday intern op 23rd May Early"]
[Site "Chess.com INT"]
[Date "2023.05.23"]
[Round "4"]
[White "Kabilov, Amin"]
[Black "Grutter, Tim"]
[Result "1-0"]
[WhiteElo "2207"]
[BlackElo "2338"]
[PlyCount "119"]
[EventDate "2023.05.23"]
[EventType "swiss (blitz)"]
[EventRounds "11"]
[EventCountry "USA"]
[SourceTitle "CBM 214 Extra"]
[Source "ChessBase"]
[SourceDate "2023.07.31"]
[SourceVersion "1"]
[SourceVersionDate "2023.07.31"]
[SourceQuality "1"]

1. Nf3 g6 2. c4 Bg7 3. Nc3 d6 4. d4 Bg4 5. g3 Bxf3 6. exf3 Nc6 7. Be3 e5 8. dxe5 Nxe5 9. f4 Nc6 10. Bg2 Nge7 11. 0-0 0-0 12. Nd5 Nf5 13. Rb1 Nxe3 14. fxe3 Ne7 15. Qd3 Nxd5 16. cxd5 f5 17. e4 fxe4 18. Bxe4 Qf6 19. Rfc1 Rf7 20. Bg2 Re8 21. Bh3 Rfe7 22. Be6+ Kh8 23. Re1 c6 24. Re4 cxd5 25. Bxd5 Rc8 26. Rbe1 Rxe4 27. Qxe4 Qxb2 28. Bxb7 Rb8 29. Bd5 Qd2 30. Re2 Qd1+ 31. Kg2 Bd4 32. Qf3 Qg1+ 33. Kh3 Qb1 34. Re4 Bf6 35. Qe2 Rf8 36. Re8 Bg7 37. Rxf8+ Bxf8 38. Qe6 Qf5+ 39. Qxf5 gxf5 40. Be6 Kg7 41. Bxf5 d5 42. Bd3 d4 43. Kg4 h6 44. h4 Kf6 45. Kf3 Bb4 46. g4 Bd2 47. g5+ hxg5 48. hxg5+ Ke7 49. Ke4 Be3 50. Ke5 a5 51. a4 Kf7 52. Kf5 Kg7 53. Bc4 Bd2 54. Kg4 Be3 55. f5 Bd2 56. f6+ Kg6 57. Bd3+ Kf7 58. Kf5 Be1 59. g6+ Ke8 60. g7 1-0

[Event "Titled Tuesday intern op 23rd May Early"]
[Site "Chess.com INT"]
[Date "2023.05.23"]
[Round "8"]
[White "Kim, Sergey2222"]
[Black "Kabilov, Amin"]
[Result "0-1"]
[WhiteElo "2295"]
[BlackElo "2207"]
[PlyCount "136"]
[EventDate "2023.05.23"]
[EventType "swiss (blitz)"]
[EventRounds "11"]
[EventCountry "USA"]
[SourceTitle "CBM 214 Extra"]
[Source "ChessBase"]
[SourceDate "2023.07.31"]
[SourceVersion "1"]
[SourceVersionDate "2023.07.31"]
[SourceQuality "1"]

1. d4 Nf6 2. c4 c5 3. d5 e6 4. Nc3 exd5 5. cxd5 d6 6. e4 g6 7. Nge2 Bg7 8. Ng3 0-0 9. Be2 a6 10. a4 h5 11. Bg5 Qb6 12. Qd2 Nh7 13. Bh4 Nd7 14. 0-0 Ne5 15. a5 Qc7 16. f4 Ng4 17. e5 dxe5 18. d6 Qd7 19. f5 Bh6 20. Qd3 c4 21. Qxc4 Ne3 22. Qe4 Qxd6 23. fxg6 fxg6 24. Rxf8+ Nxf8 25. Nf1 Bf5 26. Qa4 Qd4 27. Bf2 Qxa4 28. Nxa4 Nc2 29. Rd1 Nd4 30. Bd3 Bxd3 31. Rxd3 Rd8 32. Kh1 Nfe6 33. Nb6 Nf4 34. Rd1 Bg7 35. Ne3 Nfe2 36. Bh4 Rd6 37. Nec4 Rc6 38. h3 Nf4 39. Bg3 Nfe2 40. Kh2 Nxg3 41. Kxg3 Rc5 42. b4 Rb5 43. Nd6 Rxb4 44. Re1 Rb3+ 45. Kh2 Bf8 46. Ne4 Bg7 47. Nd5 Nf5 48. g4 hxg4 49. hxg4 Rb2+ 50. Kg1 Nd4 51. Ne7+ Kf7 52. Nd5 Nf3+ 53. Kf1 Nxe1 54. Kxe1 Ke6 55. Nb6 Rb4 56. Nc5+ Kd6 57. Nxb7+ Kc6 58. Nd8+ Kb5 59. Ne6 Bf6 60. Nd5 Kxa5 61. Nxf6 Rb6 62. g5 Rxe6 63. Ke2 Kb5 64. Ke3 Kc6 65. Ke4 Rxf6 66. gxf6 Kd6 67. f7 Ke7 68. Kxe5 Kxf7 0-1

[Event "Titled Tuesday intern op 11th Apr Early"]
[Site "Chess.com INT"]
[Date "2023.04.11"]
[Round "4"]
[White "Kabilov, Amin"]
[Black "Dzagnidze, Nana"]
[Result "0-1"]
[WhiteElo "2207"]
[BlackElo "2525"]
[PlyCount "62"]
[EventDate "2023.04.11"]
[EventType "swiss (blitz)"]
[EventRounds "11"]
[EventCountry "USA"]
[SourceTitle "CBM 213 Extra"]
[Source "ChessBase"]
[SourceDate "2023.05.31"]
[SourceVersion "1"]
[SourceVersionDate "2023.05.31"]
[SourceQuality "1"]

1. d4 d5 2. Nf3 Bf5 3. c4 dxc4 4. Nc3 Nf6 5. e3 e6 6. Bxc4 a6 7. 0-0 c5 8. a4 Nc6 9. d5 Na5 10. Ba2 c4 11. e4 Nxe4 12. Nxe4 Bxe4 13. dxe6 Qxd1 14. exf7+ Kxf7 15. Ng5+ Kf6 16. Nxe4+ Ke5 17. Rxd1 Kxe4 18. Bd2 Nb3 19. Bb1+ Ke5 20. Bc3+ Ke6 21. Ra2 Bc5 22. a5 Rad8 23. Re1+ Kf7 24. Ra4 Rhe8 25. Rf1 Nd2 26. Bxd2 Rxd2 27. Rxc4 Re5 28. g3 Rxb2 29. Be4 Kf6 30. Kg2 Rb4 31. Rc2 Rbxe4 0-1

[Event "Titled Tuesday intern op 11th Apr Early"]
[Site "Chess.com INT"]
[Date "2023.04.11"]
[Round "9"]
[White "Kotyk, Michael"]
[Black "Kabilov, Amin"]
[Result "0-1"]
[WhiteElo "2012"]
[BlackElo "2207"]
[PlyCount "46"]
[EventDate "2023.04.11"]
[EventType "swiss (blitz)"]
[EventRounds "11"]
[EventCountry "USA"]
[SourceTitle "CBM 213 Extra"]
[Source "ChessBase"]
[SourceDate "2023.05.31"]
[SourceVersion "1"]
[SourceVersionDate "2023.05.31"]
[SourceQuality "1"]

1. Nf3 Nf6 2. e3 g6 3. b3 Bg7 4. Bb2 0-0 5. c4 c5 6. g3 b6 7. Bg2 Bb7 8. 0-0 d5 9. cxd5 Nxd5 10. Bxg7 Kxg7 11. d4 Nd7 12. Qc1 cxd4 13. Nxd4 Rc8 14. Qb2 N7f6 15. Na3 Qd7 16. Rfd1 Nc3 17. Rdc1 Bxg2 18. Kxg2 Qb7+ 19. Kg1 Nce4 20. Nc4 Ng5 21. h4 Nh3+ 22. Kh2 Nxf2 23. Rf1 N6g4+ 0-1

[Event "Titled Tuesday intern op 17th Jan Early"]
[Site "Chess.com INT"]
[Date "2023.01.17"]
[Round "2"]
[White "Kabilov, Amin"]
[Black "Sihite, Chelsie Monica"]
[Result "1-0"]
[WhiteElo "2207"]
[BlackElo "2266"]
[PlyCount "97"]
[EventDate "2023.01.17"]
[EventType "swiss (blitz)"]
[EventRounds "11"]
[EventCountry "USA"]
[SourceTitle "CBM 212 Extra"]
[Source "ChessBase"]
[SourceDate "2023.03.31"]
[SourceVersion "1"]
[SourceVersionDate "2023.03.31"]
[SourceQuality "1"]

1. e4 e6 2. Nf3 d5 3. Nc3 d4 4. Ne2 c5 5. Ng3 Nc6 6. Bc4 Nf6 7. 0-0 h5 8. h4 Be7 9. d3 Ng4 10. Bg5 f6 11. Bd2 g5 12. c3 a6 13. cxd4 cxd4 14. Rc1 Nce5 15. Nxe5 Nxe5 16. hxg5 h4 17. gxf6 hxg3 18. fxe7 Qxe7 19. fxg3 Qh7 20. Bf4 Ng6 21. Qd2 e5 22. Bg5 Bg4 23. Bf7+ Kd7 24. Bxg6 Qxg6 25. Rf6 Qh5 26. Qc2 Rac8 27. Qa4+ b5 28. Qxa6 Rxc1+ 29. Bxc1 Qh1+ 30. Kf2 Qxc1 31. Qa7+ Ke8 32. Qb8+ Ke7 33. Qxe5+ Kd8 34. Rd6+ Bd7 35. Qxh8+ Kc7 36. Qxd4 Bc6 37. Qe5 Qd2+ 38. Kg1 Qd1+ 39. Kh2 Kb7 40. Qe7+ Kb6 41. Qe5 Qc1 42. Qd4+ Kc7 43. Qe5 Kb6 44. Qd5 Ka5 45. Rxc6 Qd1 46. b4+ Kxb4 47. Qb3+ Qxb3 48. axb3 Kxb3 49. Rb6 1-0

[Event "Titled Tuesday intern op 10th Jan Late"]
[Site "Chess.com INT"]
[Date "2023.01.10"]
[Round "9"]
[White "Melikhov, Evgeny V"]
[Black "Kabilov, Amin"]
[Result "0-1"]
[WhiteElo "2269"]
[BlackElo "2207"]
[PlyCount "54"]
[EventDate "2023.01.10"]
[EventType "swiss (blitz)"]
[EventRounds "11"]
[EventCountry "USA"]
[SourceTitle "EXT 2024"]
[Source "ChessBase"]
[SourceDate "2023.10.10"]
[SourceVersion "1"]
[SourceVersionDate "2023.10.10"]
[SourceQuality "1"]

1. d4 Nf6 2. c4 g6 3. Nc3 Bg7 4. e4 0-0 5. Be3 c6 6. e5 Ne8 7. f4 d6 8. Nf3 Bg4 9. h3 Bxf3 10. Qxf3 c5 11. 0-0-0 cxd4 12. Bxd4 Nc6 13. Nd5 Nxd4 14. Rxd4 e6 15. Nc3 Qb6 16. Qe3 dxe5 17. fxe5 Bh6 18. Qxh6 Qxd4 19. Be2 Qxe5 20. Bf3 Rc8 21. h4 Ng7 22. h5 g5 23. Ne4 Rxc4+ 24. Kb1 Rxe4 25. Bxe4 Qxe4+ 26. Ka1 f6 27. Rd1 Nf5 0-1

[Event "Asia Nations online Cup"]
[Site "Chess.com INT"]
[Date "2020.10.16"]
[Round "6.10"]
[White "Al Halila, Ayman"]
[Black "Kabilov, Amin"]
[Result "0-1"]
[WhiteElo "2138"]
[BlackElo "2224"]
[PlyCount "42"]
[EventDate "2020.10.10"]
[EventType "team-swiss (rapid)"]
[EventRounds "9"]
[EventCountry "IND"]
[SourceTitle "CBM 198 Extra"]
[Source "ChessBase"]
[SourceDate "2020.11.30"]
[SourceVersion "1"]
[SourceVersionDate "2020.11.30"]
[SourceQuality "1"]
[WhiteTeam "Yemen"]
[BlackTeam "Tajikistan"]
[WhiteTeamCountry "YEM"]
[BlackTeamCountry "TJK"]

1. d4 Nf6 2. c4 g6 3. Nc3 Bg7 4. Nf3 0-0 5. Bg5 h6 6. Bh4 c5 7. e3 d6 8. Be2 Bf5 9. 0-0 Nc6 10. Rc1 Qa5 11. a3 Rac8 12. d5 Nb8 13. Re1 g5 14. Bg3 Ne4 15. Nxe4 Bxe4 16. Qb3 Qb6 17. Qxb6 axb6 18. Nd2 Bg6 19. Rb1 Bxb1 20. Rxb1 Nd7 21. h3 Be5 0-1

[Event "SCO op"]
[Site "Qingdao"]
[Date "2019.09.21"]
[Round "3"]
[White "Bhakti, Kulkarni"]
[Black "Kabilov, Amin"]
[Result "1-0"]
[WhiteElo "2429"]
[BlackElo "2199"]
[PlyCount "93"]
[EventDate "2019.09.19"]
[EventType "swiss"]
[EventRounds "9"]
[EventCountry "CHN"]
[SourceTitle "EXT 2020"]
[Source "ChessBase"]
[SourceDate "2019.10.17"]
[SourceVersion "1"]
[SourceVersionDate "2019.10.17"]
[SourceQuality "1"]

1. d4 Nf6 2. c4 g6 3. Nc3 Bg7 4. e4 d6 5. Bd3 0-0 6. Nge2 Nc6 7. 0-0 e5 8. d5 Nd4 9. Nxd4 exd4 10. Ne2 Re8 11. f3 Nd7 12. Rb1 Nc5 13. b4 Nxd3 14. Qxd3 a5 15. b5 f5 16. Bb2 fxe4 17. fxe4 Qe7 18. Ng3 h5 19. Rfe1 h4 20. Nf1 h3 21. g3 Qf6 22. Nd2 Bg4 23. Rf1 Qg5 24. Rbe1 Rf8 25. Bxd4 Rxf1+ 26. Nxf1 Bxd4+ 27. Qxd4 Re8 28. Nd2 Rf8 29. e5 dxe5 30. Rxe5 Qf6 31. Re4 Qxd4+ 32. Rxd4 Bd1 33. Rf4 Re8 34. Re4 Rd8 35. Re7 c6 36. b6 cxd5 37. c5 Rc8 38. Rxb7 Re8 39. Ra7 Re1+ 40. Kf2 Re2+ 41. Kf1 Rxd2 42. b7 Rb2 43. c6 Be2+ 44. Ke1 Bg4 45. c7 Rb1+ 46. Kd2 Rd1+ 47. Kc2 1-0

[Event "SCO op"]
[Site "Qingdao"]
[Date "2019.09.19"]
[Round "1"]
[White "Kabilov, Amin"]
[Black "Gholami, Aryan"]
[Result "0-1"]
[WhiteElo "2199"]
[BlackElo "2542"]
[PlyCount "68"]
[EventDate "2019.09.19"]
[EventType "swiss"]
[EventRounds "9"]
[EventCountry "CHN"]
[SourceTitle "EXT 2020"]
[Source "ChessBase"]
[SourceDate "2019.10.17"]
[SourceVersion "1"]
[SourceVersionDate "2019.10.17"]
[SourceQuality "1"]

1. Nf3 c5 2. c4 g6 3. g3 Bg7 4. Bg2 Nc6 5. 0-0 e6 6. e3 Nge7 7. d4 cxd4 8. exd4 d5 9. cxd5 exd5 10. h3 0-0 11. Nc3 Be6 12. Bg5 Qd7 13. Kh2 f6 14. Bd2 Nf5 15. Ne2 g5 16. g4 Nd6 17. Ng3 h6 18. Bc3 Qc7 19. Kg1 f5 20. Re1 Ne4 21. gxf5 Bxf5 22. Nxf5 Rxf5 23. Ne5 Nxf2 24. Qb3 Nxe5 25. dxe5 Rd8 26. Bd4 Bxe5 27. Rxe5 Rxe5 28. Bxe5 Qxe5 29. Kxf2 Qh2 30. Qd3 Rf8+ 31. Ke3 Qg3+ 32. Kd4 Rf4+ 33. Kc3 d4+ 34. Kc4 b5+ 0-1

[Event "SCO Teams"]
[Site "Qingdao"]
[Date "2019.09.18"]
[Round "9.2"]
[White "Kabilov, Amin"]
[Black "Bai, Jinshi"]
[Result "1/2-1/2"]
[WhiteElo "2199"]
[BlackElo "2591"]
[PlyCount "124"]
[EventDate "2019.09.15"]
[EventType "team-tourn"]
[EventRounds "9"]
[EventCountry "CHN"]
[SourceTitle "EXT 2020"]
[Source "ChessBase"]
[SourceDate "2019.10.17"]
[SourceVersion "1"]
[SourceVersionDate "2019.10.17"]
[SourceQuality "1"]
[WhiteTeam "Tajikistan"]
[BlackTeam "China"]
[WhiteTeamCountry "TJK"]
[BlackTeamCountry "CHN"]

1. d4 Nf6 2. c4 g6 3. Nc3 d5 4. cxd5 Nxd5 5. e4 Nxc3 6. bxc3 Bg7 7. Be3 c5 8. Nf3 Bg4 9. Rc1 0-0 10. Be2 Qa5 11. Qd2 Nd7 12. d5 c4 13. 0-0 Nc5 14. Bxc5 Qxc5 15. Nd4 Bxe2 16. Qxe2 Rac8 17. Rfd1 Rfd8 18. Rb1 Rd7 19. Qg4 Rcd8 20. h4 Qa3 21. Nb5 Qxa2 22. Ra1 Qb2 23. Rdb1 Qc2 24. Rc1 Qd3 25. Rd1 f5 26. exf5 gxf5 27. Qg5 Qe4 28. Rd4 h6 29. Qg6 Qe5 30. Nxa7 Rxd5 31. Rxd5 Qxd5 32. Re1 Kf8 33. Re3 Qd1+ 34. Kh2 Qd6+ 35. Qxd6 Rxd6 36. Nc8 Rd3 37. Re2 Bf6 38. Rb2 Rd8 39. Nb6 Bxc3 40. Rb5 Rd4 41. Rxf5+ Kg7 42. Rc5 Rxh4+ 43. Kg3 Bf6 44. Nxc4 Re4 45. Ne3 Kg6 46. Rb5 Bg5 47. Kf3 Rf4+ 48. Ke2 Rf7 49. Rb6+ Kg7 50. Rxb7 Bxe3 51. Kxe3 Kg6 52. f3 h5 53. Kf2 Rg7 54. Rb6+ Kf5 55. Rb5+ e5 56. Rb6 Ra7 57. Kg3 Ra4 58. Rb8 Rd4 59. Rh8 Kg5 60. Rg8+ Kf5 61. Rh8 Kg5 62. Rg8+ Kf5 1/2-1/2

[Event "SCO Teams"]
[Site "Qingdao"]
[Date "2019.09.17"]
[Round "6.2"]
[White "Ma, Zhonghan"]
[Black "Kabilov, Amin"]
[Result "1/2-1/2"]
[WhiteElo "2485"]
[BlackElo "2199"]
[PlyCount "81"]
[EventDate "2019.09.15"]
[EventType "team-tourn"]
[EventRounds "9"]
[EventCountry "CHN"]
[SourceTitle "EXT 2020"]
[Source "ChessBase"]
[SourceDate "2019.10.17"]
[SourceVersion "1"]
[SourceVersionDate "2019.10.17"]
[SourceQuality "1"]
[WhiteTeam "China II"]
[BlackTeam "Tajikistan"]
[WhiteTeamCountry "CHN"]
[BlackTeamCountry "TJK"]

1. d4 d6 2. e4 g6 3. Nf3 Bg7 4. Be2 a6 5. 0-0 Nd7 6. Nc3 e6 7. Bf4 Ne7 8. Qd2 h6 9. e5 d5 10. Bd3 c5 11. dxc5 Nxc5 12. b4 Nxd3 13. cxd3 g5 14. Be3 g4 15. Nd4 Bxe5 16. f4 Bf6 17. Rac1 Bd7 18. Nce2 h5 19. f5 e5 20. Bg5 Nc6 21. Bxf6 Qxf6 22. Nxc6 Bxc6 23. d4 e4 24. Rf2 Kd7 25. Nf4 h4 26. Rc5 g3 27. Rf1 h3 28. Nxh3 Rag8 29. Rc3 gxh2+ 30. Kxh2 Rg4 31. Rf2 Rhg8 32. Qe3 Qh4 33. Rcc2 Rg3 34. Qf4 R8g4 35. Qe5 f6 36. Qe6+ Kc7 37. Rxc6+ bxc6 38. Qe7+ Kc8 39. Qe8+ Kc7 40. Qe7+ Kc8 41. Qe8+ 1/2-1/2

[Event "SCO Teams"]
[Site "Qingdao"]
[Date "2019.09.17"]
[Round "8.2"]
[White "Zairbek Kyzy, Begimay"]
[Black "Kabilov, Amin"]
[Result "0-1"]
[WhiteElo "1989"]
[BlackElo "2199"]
[PlyCount "86"]
[EventDate "2019.09.15"]
[EventType "team-tourn"]
[EventRounds "9"]
[EventCountry "CHN"]
[SourceTitle "EXT 2020"]
[Source "ChessBase"]
[SourceDate "2019.10.17"]
[SourceVersion "1"]
[SourceVersionDate "2019.10.17"]
[SourceQuality "1"]
[WhiteTeam "Kyrgyzstan"]
[BlackTeam "Tajikistan"]
[WhiteTeamCountry "KGZ"]
[BlackTeamCountry "TJK"]

1. e4 c5 2. d4 cxd4 3. c3 Nf6 4. e5 Nd5 5. Nf3 e6 6. Nxd4 Qc7 7. f4 a6 8. Be2 d6 9. 0-0 dxe5 10. fxe5 Be7 11. Qe1 Nd7 12. Bh5 0-0 13. Nf3 Nc5 14. Qg3 Ne4 15. Qe1 Nc5 16. Qe2 b5 17. Ng5 g6 18. Bg4 Bb7 19. Nf3 Kg7 20. Na3 Rad8 21. Nc2 Qb6 22. Kh1 a5 23. Ncd4 Ba6 24. Qd2 Ne4 25. Qh6+ Kg8 26. Bg5 Nxg5 27. Nxg5 Bxg5 28. Qxg5 b4 29. Rf3 bxc3 30. bxc3 Nxc3 31. Rh3 Ne4 32. Qh4 h5 33. Re1 Qxd4 34. Rhe3 Nc5 35. h3 hxg4 36. hxg4 Ne4 37. Rxe4 Qd2 38. R4e3 Rd3 39. Qg3 Rxe3 40. Qxe3 Qxe3 41. Rxe3 Rb8 42. Ra3 Rb5 43. Rc3 Rxe5 0-1

[Event "SCO Teams"]
[Site "Qingdao"]
[Date "2019.09.16"]
[Round "4.2"]
[White "Kobalia, Mihail"]
[Black "Kabilov, Amin"]
[Result "1-0"]
[WhiteElo "2608"]
[BlackElo "2199"]
[PlyCount "113"]
[EventDate "2019.09.15"]
[EventType "team-tourn"]
[EventRounds "9"]
[EventCountry "CHN"]
[SourceTitle "EXT 2020"]
[Source "ChessBase"]
[SourceDate "2019.10.17"]
[SourceVersion "1"]
[SourceVersionDate "2019.10.17"]
[SourceQuality "1"]
[WhiteTeam "Russia"]
[BlackTeam "Tajikistan"]
[WhiteTeamCountry "RUS"]
[BlackTeamCountry "TJK"]

1. e4 c5 2. Nf3 d6 3. Bb5+ Bd7 4. Bxd7+ Qxd7 5. 0-0 Nc6 6. c3 Nf6 7. Qe2 e6 8. d4 cxd4 9. cxd4 d5 10. e5 Ne4 11. Rd1 Be7 12. Ne1 f6 13. f3 Ng5 14. Nc3 0-0 15. f4 Nf7 16. Be3 Nh6 17. h3 Nf5 18. Bf2 fxe5 19. dxe5 Qe8 20. Kh2 g5 21. g4 Nh6 22. fxg5 Bxg5 23. Nd3 Qg6 24. Rf1 Rf7 25. Bc5 b6 26. Bg1 Raf8 27. Rxf7 Rxf7 28. Nb5 Qe4 29. Re1 Rf3 30. Qxe4 dxe4 31. Nf2 Bh4 32. Rc1 e3 33. Ne4 e2 34. Kg2 Nxe5 35. Nd4 Rf4 36. Ng3 Bxg3 37. Nxe2 Rb4 38. Kxg3 Rxb2 39. Rc8+ Kf7 40. Rc7+ Kg8 41. Nf4 Rxa2 42. Nxe6 Ra3+ 43. Kg2 Ra2+ 44. Kg3 Ra3+ 45. Kg2 Ra2+ 46. Kg3 Ra3+ 47. Kf4 Ng6+ 48. Ke4 Ra1 49. Rg7+ Kh8 50. Bd4 Re1+ 51. Kd5 Rd1 52. Rxa7+ Kg8 53. Rg7+ Kh8 54. Rb7+ Kg8 55. Ng5 Nf4+ 56. Ke4 Ne2 57. Rb8# 1-0

[Event "SCO Teams"]
[Site "Qingdao"]
[Date "2019.09.15"]
[Round "3.2"]
[White "Kabilov, Amin"]
[Black "Darini, Pouria"]
[Result "0-1"]
[WhiteElo "2199"]
[BlackElo "2428"]
[PlyCount "182"]
[EventDate "2019.09.15"]
[EventType "team-tourn"]
[EventRounds "9"]
[EventCountry "CHN"]
[SourceTitle "EXT 2020"]
[Source "ChessBase"]
[SourceDate "2019.10.17"]
[SourceVersion "1"]
[SourceVersionDate "2019.10.17"]
[SourceQuality "1"]
[WhiteTeam "Tajikistan"]
[BlackTeam "Iran"]
[WhiteTeamCountry "TJK"]
[BlackTeamCountry "IRI"]

1. d4 Nf6 2. c4 g6 3. Nc3 d5 4. cxd5 Nxd5 5. e4 Nxc3 6. bxc3 Bg7 7. Be3 c5 8. Nf3 Qa5 9. Qd2 0-0 10. Rc1 Rd8 11. d5 e6 12. c4 Qxd2+ 13. Nxd2 Na6 14. g3 b6 15. Bd3 Nb4 16. Bb1 exd5 17. exd5 Bh3 18. Ke2 Bb2 19. Rcd1 Re8 20. Nf3 Bd7 21. Nd2 Ba4 22. Nb3 b5 23. Rd2 bxc4 24. Nxc5 Bb5 25. Rxb2 c3+ 26. Bd3 Bxd3+ 27. Nxd3 cxb2 28. Nxb4 Rab8 29. a3 a5 30. Rb1 axb4 31. a4 Red8 32. Rxb2 Rxd5 33. Bd2 b3 34. a5 Rd4 35. Bc3 Re8+ 36. Kf1 Rd1+ 37. Kg2 Rd3 38. Bb4 Re4 39. Bc5 Ra4 40. Bb6 Ra2 41. Rb1 f6 42. h4 h5 43. Kh2 Kf7 44. Kg2 b2 45. a6 Rd6 46. Bc5 Rdxa6 47. Bd4 R2a4 48. Bxb2 Rb4 49. Ra1 Rxa1 50. Bxa1 Ke6 51. Bc3 Rc4 52. Bd2 Kf5 53. Be3 Kg4 54. Bb6 Kf5 55. Be3 Ke4 56. Bb6 Rb4 57. Bd8 f5 58. Bg5 Rb3 59. Bf4 Kd3 60. Kf3 Kc2+ 61. Ke2 Kc3 62. Kf3 Kd3 63. Be3 Rb4 64. Bf4 Re4 65. Bg5 Kc2 66. Be3 Kd1 67. Bg5 Ke1 68. Be3 Kf1 69. Bg5 Re2 70. Be3 Ra2 71. Bd4 Ra3+ 72. Be3 Rb3 73. Kf4 Kg2 74. Kg5 Kf3 75. Kxg6 Kg4 76. Kf6 Rb5 77. Ke6 Ra5 78. Kf6 Ra4 79. Bc5 f4 80. Bd6 Ra6 81. Ke7 f3 82. Bc5 Kh3 83. Kf7 Kg2 84. Kg7 Ra2 85. Kg6 Rxf2 86. Bxf2 Kxf2 87. g4 hxg4 88. h5 g3 89. h6 g2 90. h7 g1Q+ 91. Kf7 Qh2 0-1

[Event "Olympiad-43"]
[Site "Batumi"]
[Date "2018.10.05"]
[Round "11.3"]
[White "Kabilov, Amin"]
[Black "Abdulwahhab, Ahmed Abdulsattar"]
[Result "1-0"]
[WhiteElo "2178"]
[BlackElo "2271"]
[PlyCount "90"]
[EventDate "2018.09.24"]
[EventType "team-swiss"]
[EventRounds "11"]
[EventCountry "GEO"]
[SourceTitle "CBM 187"]
[Source "ChessBase"]
[SourceDate "2018.12.11"]
[SourceVersion "1"]
[SourceVersionDate "2018.12.11"]
[SourceQuality "1"]
[WhiteTeam "Tajikistan"]
[BlackTeam "Iraq"]
[WhiteTeamCountry "TJK"]
[BlackTeamCountry "IRQ"]

1. c4 Nf6 2. Nc3 g6 3. g3 Bg7 4. Bg2 0-0 5. e3 c5 6. Nge2 d6 7. 0-0 Nc6 8. d3 Bd7 9. a3 Qc8 10. Rb1 Bh3 11. b4 Bxg2 12. Kxg2 b6 13. e4 e5 14. Bg5 Ne8 15. Nd5 f6 16. Be3 Rf7 17. Qa4 h5 18. f3 Kh7 19. Qd1 Nc7 20. Qd2 Ne6 21. b5 Ncd4 22. a4 Qd8 23. Bxd4 cxd4 24. Nc1 Nc5 25. Qc2 a5 26. Nb3 Ne6 27. f4 Bh6 28. f5 gxf5 29. Rxf5 Ng7 30. Rf3 f5 31. Rbf1 f4 32. gxf4 Bxf4 33. Nxf4 Rxf4 34. Rxf4 exf4 35. Nxd4 Qf6 36. Qf2 Rg8 37. Kh1 Rf8 38. Rg1 Ne6 39. Nxe6 Qxe6 40. Qf3 Qh6 41. e5 dxe5 42. Qe4+ Kh8 43. Rg6 Qxg6 44. Qxg6 f3 45. Qxh5+ Kg8 1-0

[Event "Olympiad-43"]
[Site "Batumi"]
[Date "2018.10.04"]
[Round "10.3"]
[White "Stupak, Kirill"]
[Black "Kabilov, Amin"]
[Result "1/2-1/2"]
[WhiteElo "2583"]
[BlackElo "2178"]
[PlyCount "160"]
[EventDate "2018.09.24"]
[EventType "team-swiss"]
[EventRounds "11"]
[EventCountry "GEO"]
[SourceTitle "CBM 187"]
[Source "ChessBase"]
[SourceDate "2018.12.11"]
[SourceVersion "1"]
[SourceVersionDate "2018.12.11"]
[SourceQuality "1"]
[WhiteTeam "Belarus"]
[BlackTeam "Tajikistan"]
[WhiteTeamCountry "BLR"]
[BlackTeamCountry "TJK"]

1. d4 Nf6 2. c4 g6 3. Nc3 Bg7 4. e4 d6 5. f3 0-0 6. Nge2 c5 7. d5 e6 8. Bg5 exd5 9. cxd5 Qb6 10. Qd2 h5 11. Nc1 Nh7 12. Be3 Nd7 13. h3 a6 14. Be2 Qd8 15. a4 Qe7 16. 0-0 Rb8 17. a5 b5 18. axb6 Rxb6 19. Ra3 f5 20. exf5 gxf5 21. Nd3 c4 22. Nf2 Rxb2 23. Qxb2 Qxe3 24. Qc1 Qd4 25. f4 Bh6 26. Qd1 Qc5 27. Ra4 Nb6 28. Ra2 Bxf4 29. Na4 Nxa4 30. Rxa4 Qe3 31. Rxc4 Qg3 32. Rxf4 Qxf4 33. Bxh5 Qg5 34. Bf3 Bd7 35. Qd4 Qf6 36. Qb6 Bb5 37. Re1 Ng5 38. Bh5 Qh6 39. h4 Ne4 40. Bf3 Qd2 41. Qe3 Qxf2+ 42. Qxf2 Nxf2 43. Kxf2 Re8 44. Rc1 Kg7 45. Kg3 Kf6 46. Kf4 Rb8 47. Rc7 Be8 48. h5 Rb4+ 49. Kg3 Rb1 50. Rc8 Bf7 51. Rc6 Ke5 52. Rxa6 Rh1 53. Ra7 f4+ 54. Kf2 Bxh5 55. Re7+ Kd4 56. Rh7 Bxf3 57. Rxh1 Bxd5 58. Rh5 Be4 59. Rg5 d5 60. Rh5 Bc2 61. Rh8 Ke5 62. Re8+ Kf5 63. Ke2 Be4 64. Rg8 Ke5 65. Rg5+ Kf6 66. Rg8 Kf5 67. Kd2 Ke5 68. Ke1 Kd4 69. Ke2 Ke5 70. Kf2 Kf5 71. Kg1 Ke5 72. Re8+ Kf5 73. Kh2 d4 74. Kg1 Bc6 75. Rc8 Bd5 76. Rf8+ Ke4 77. Re8+ Kf5 78. Rb8 Ke4 79. Kf2 d3 80. Rb4+ Ke5 1/2-1/2